| 000 | 00389nam a2200181Ia 4500 | ||
|---|---|---|---|
| 100 | _aStranneby/Dag/ Walker/W | ||
| 650 | _aDSP | ||
| 250 | _a2 | ||
| 942 | _cRB | ||
| 366 | _f20 | ||
| 654 | _aDSP | ||
| 245 | _aDigital signal processing and applications | ||
| 260 |
_bElsevier _aNew Delhi _c2004 |
||
| 082 |
_a621.3822/STR _bSTR |
||
| 300 | _a357 | ||
| 546 | _aENGLISH | ||
| 999 |
_c28685 _d28685 |
||